[Event "Coventry op"]
[Site "Coventry"]
[Date "2023.02.18"]
[Round "1"]
[White "Charnley, Bernard J"]
[Black "Chan, Sheng Liang Bernard"]
[Result "0-1"]
[WhiteElo "1869"]
[BlackElo "2017"]
[PlyCount "88"]
[EventDate "2023.02.18"]
[EventType "swiss"]
[EventRounds "5"]
[EventCountry "ENG"]
[SourceTitle "CBM 212 Extra"]
[Source "ChessBase"]
[SourceDate "2023.03.31"]
[SourceVersion "1"]
[SourceVersionDate "2023.03.31"]
[SourceQuality "1"]

1. Nf3 d5 2. g3 Nf6 3. Bg2 g6 4. d3 Bg7 5. Nbd2 c5 6. e4 Nc6 7. 0-0 0-0 8. Re1 Re8 9. c3 d4 10. cxd4 cxd4 11. Qa4 e5 12. b4 Bd7 13. Bb2 a5 14. b5 Na7 15. Qb3 Bxb5 16. Ng5 Qe7 17. Ba3 a4 18. Qb2 Qd8 19. Bf1 Bf8 20. Rec1 Bxa3 21. Qxa3 Qe7 22. Qc5 Nd7 23. Qxe7 Rxe7 24. Rab1 Bc6 25. Rb4 Nb5 26. Nb1 a3 27. Be2 h6 28. Nf3 Kg7 29. Nfd2 f5 30. f3 g5 31. exf5 Nf6 32. Ne4 Nd5 33. f6+ Nxf6 34. Nxf6 Kxf6 35. Rc5 Nc7 36. Rb3 Bd5 37. Rb6+ Kg7 38. Rc2 Ra6 39. Rb4 Bc6 40. Nd2 Nd5 41. Rb1 Nc3 42. Re1 Bd5 43. Nc4 b5 44. Nd2 Bxa2 0-1

[Event "GBR-ch 65+ 106th"]
[Site "Torquay"]
[Date "2019.07.30"]
[Round "2"]
[White "Charnley, Bernard J"]
[Black "Blewitt, Stephen"]
[Result "1/2-1/2"]
[WhiteElo "1875"]
[BlackElo "1744"]
[PlyCount "88"]
[EventDate "2019.07.29"]
[EventType "swiss"]
[EventRounds "7"]
[EventCountry "ENG"]
[SourceTitle "EXT 2020"]
[Source "ChessBase"]
[SourceDate "2019.10.17"]
[SourceVersion "1"]
[SourceVersionDate "2019.10.17"]
[SourceQuality "1"]

1. e4 c5 2. Nc3 d6 3. g3 g6 4. Bg2 Bg7 5. d3 Nc6 6. Be3 Nf6 7. h3 Qb6 8. Nge2 Nd4 9. Rb1 0-0 10. 0-0 Bd7 11. Qd2 Bxh3 12. f3 Bxg2 13. Kxg2 e6 14. Rh1 h5 15. Bh6 Kh7 16. Bxg7 Kxg7 17. Nf4 Rh8 18. Nd1 Rae8 19. c3 Nc6 20. Ne3 Qc7 21. d4 cxd4 22. cxd4 Qd7 23. d5 Ne5 24. dxe6 fxe6 25. Rbd1 Rd8 26. Qb4 Rhe8 27. Rd2 Nc6 28. Qc3 e5 29. Nfd5 Nxd5 30. Nxd5 Rc8 31. Qe3 Rf8 32. g4 Nd4 33. Rxd4 exd4 34. Qxd4+ Kg8 35. e5 Rc5 36. gxh5 Rc2+ 37. Kg3 gxh5 38. Rg1 Rf7 39. Nf6+ Rxf6 40. exf6 Kf7 41. Kf4 Qe6 42. Rg7+ Kf8 43. b3 Rc5 44. Rg5 b6 1/2-1/2

[Event "Midland-ch op Major"]
[Site "Telford"]
[Date "2018.08.11"]
[Round "2.5"]
[White "Weersing, Sarah"]
[Black "Charnley, Bernard J"]
[Result "0-1"]
[WhiteElo "1608"]
[BlackElo "1859"]
[PlyCount "148"]
[EventDate "2018.08.10"]
[EventType "swiss"]
[EventRounds "5"]
[EventCountry "ENG"]
[SourceTitle "EXT 2023"]
[Source "ChessBase"]
[SourceDate "2022.10.05"]
[SourceVersion "1"]
[SourceVersionDate "2022.10.05"]
[SourceQuality "1"]

1. d4 e6 2. Nf3 f5 3. c4 Nf6 4. Nc3 Bb4 5. Bd2 b6 6. e3 Bb7 7. Be2 Bxc3 8. Bxc3 Ne4 9. Bd3 Nxc3 10. bxc3 0-0 11. Qe2 Qe7 12. 0-0 Be4 13. Nd2 Bxd3 14. Qxd3 Nc6 15. e4 fxe4 16. Qxe4 Rf5 17. f4 Raf8 18. a4 Qf7 19. g3 Na5 20. Rae1 h5 21. Kg2 h4 22. Rf3 hxg3 23. hxg3 Rh5 24. Ref1 Qg6 25. d5 Qh6 26. Kf2 Nb7 27. Nb3 Nd6 28. Qd3 exd5 29. cxd5 Rh2+ 30. Ke1 Re8+ 31. Re3 Qh5 32. Rxe8+ Qxe8+ 33. Kd1 Nf5 34. Re1 Qf8 35. g4 Nd6 36. Rf1 Qe7 37. Nd2 Qh4 38. Qf3 Rh3 39. Qe2 Rxc3 40. f5 Qg5 41. Re1 Rc5 42. Qf3 Qf6 43. Qb3 Qd4 44. Rh1 Qxg4+ 45. Qf3 Qxf3+ 46. Nxf3 Rxd5+ 47. Ke2 Rxf5 48. Rc1 c5 49. Ke3 Nf7 50. Rd1 d5 51. Nd2 Ne5 52. Re1 d4+ 53. Ke4 Rh5 54. Nf3 Nxf3 55. Kxf3 Rh3+ 56. Kf4 Kf7 57. Rd1 a6 58. Rb1 Rh6 59. Ke4 Rd6 60. Kd3 g5 61. Rf1+ Kg6 62. Rg1 b5 63. axb5 axb5 64. Rb1 c4+ 65. Kd2 Rd5 66. Kc2 g4 67. Re1 g3 68. Rg1 Rg5 69. Kd2 Kf5 70. Ke2 Ke4 71. Rf1 d3+ 72. Ke1 g2 73. Rg1 Ke3 74. Kd1 Kf2 0-1

[Event "BCF-chT2a 1617 (4NCL)"]
[Site "England"]
[Date "2017.01.14"]
[Round "3.36"]
[White "Dilleigh, Stephen P"]
[Black "Charnley, Bernard J"]
[Result "1-0"]
[WhiteElo "2038"]
[BlackElo "1962"]
[PlyCount "109"]
[EventDate "2016.11.19"]
[EventType "team-tourn"]
[EventRounds "11"]
[EventCountry "ENG"]
[SourceTitle "EXT 2019"]
[Source "ChessBase"]
[SourceDate "2018.10.10"]
[SourceVersion "1"]
[SourceVersionDate "2018.10.10"]
[SourceQuality "1"]
[WhiteTeam "Downend & Fishponds"]
[BlackTeam "Warwicks Select II"]
[WhiteTeamCountry "ENG"]
[BlackTeamCountry "ENG"]

1. Nf3 e6 2. c4 Nf6 3. Nc3 d5 4. d4 c6 5. e3 Nbd7 6. Qc2 Bd6 7. Bd3 dxc4 8. Bxc4 e5 9. 0-0 0-0 10. Bb3 Qe7 11. h3 h6 12. Nh4 Nd5 13. Nf5 Qf6 14. Bxd5 cxd5 15. Nxd5 Qe6 16. e4 Nf6 17. Nxd6 Qxd6 18. dxe5 Qxe5 19. Bf4 Qh5 20. Nxf6+ gxf6 21. Qd3 Be6 22. Rfd1 Kh8 23. Qd4 Qg6 24. Rd3 Rfd8 25. Qe3 Rg8 26. Bg3 h5 27. Qf4 Rac8 28. Rf3 Rc4 29. Qxf6+ Qxf6 30. Rxf6 Rxe4 31. Rh6+ Kg7 32. Rxh5 f5 33. Rg5+ Kf7 34. Rxg8 Kxg8 35. Bb8 Ra4 36. a3 a6 37. Be5 Re4 38. Bc3 Kf7 39. Re1 Rc4 40. f3 Bd5 41. Re5 Be6 42. g4 fxg4 43. hxg4 Bxg4 44. fxg4 Rxg4+ 45. Kf2 Rc4 46. Ke3 Rc6 47. Kd3 Re6 48. Rxe6 Kxe6 49. Kc4 Kd6 50. a4 Kc6 51. Bd4 Kc7 52. Be5+ Kb6 53. Kb4 Ka7 54. Kc5 Ka8 55. Kb6 1-0

[Event "OP-2016-0-04015"]
[Site "LSS email"]
[Date "2016.04.11"]
[Round "?"]
[White "Stefanski, Robert"]
[Black "Charnley, Bernard J"]
[Result "0-1"]
[WhiteElo "1584"]
[BlackElo "1985"]
[PlyCount "98"]
[EventDate "2016.04.06"]
[EventType "tourn (corr)"]
[EventRounds "4"]
[EventCountry "GER"]
[SourceTitle "Corr 2022"]
[Source "ChessBase"]
[SourceDate "2021.10.24"]
[SourceVersion "1"]
[SourceVersionDate "2021.10.24"]
[SourceQuality "1"]

1. e4 e6 2. d4 d5 3. exd5 exd5 4. Nf3 Nc6 5. c3 Bd6 6. Bd3 Nge7 7. 0-0 Bg4 8. Bg5 Qd7 9. Nbd2 0-0-0 10. b4 f6 11. Bh4 Nf5 12. Bg3 Nxg3 13. fxg3 Rde8 14. b5 Ne7 15. c4 dxc4 16. Nxc4 Nd5 17. Qb3 Kb8 18. Nxd6 Qxd6 19. Rfe1 g6 20. Be4 Nb6 21. Qc3 Re7 22. Bc2 Rhe8 23. Rxe7 Rxe7 24. Bb3 Re2 25. Qc5 Qd7 26. Rc1 Nc8 27. a4 Nd6 28. Bd5 Nf5 29. Bc4 Bxf3 30. Bxe2 Bxe2 31. Qf8+ Qc8 32. Qxf6 Nd6 33. Qe7 Bc4 34. Qxh7 Qe8 35. Qh6 Bb3 36. a5 b6 37. Rf1 Bf7 38. axb6 axb6 39. Qg7 Qe3+ 40. Kh1 Kb7 41. h4 Bd5 42. Qe5 Be4 43. Qf4 Qxd4 44. g4 Qb2 45. Rf2 Qxb5 46. Kh2 Qc5 47. g5 b5 48. g4 Bc6 49. Qg3 Ne4 0-1

[Event "BCF-chT3Sb 1516 (4NCL)"]
[Site "England"]
[Date "2015.11.15"]
[Round "2.98"]
[White "Singleton, Michael Peter F"]
[Black "Charnley, Bernard J"]
[Result "1-0"]
[WhiteElo "2126"]
[BlackElo "2056"]
[PlyCount "177"]
[EventDate "2015.11.14"]
[EventType "team-swiss"]
[EventRounds "7"]
[EventCountry "ENG"]
[SourceTitle "CBM 169 Extra"]
[Source "ChessBase"]
[SourceDate "2015.12.18"]
[SourceVersion "1"]
[SourceVersionDate "2015.12.18"]
[SourceQuality "1"]

1. d4 e6 2. c4 f5 3. e4 fxe4 4. Nc3 Nf6 5. f3 Bb4 6. Bg5 0-0 7. fxe4 c5 8. e5 cxd4 9. a3 Bxc3+ 10. bxc3 Qa5 11. Nf3 Ne4 12. Qxd4 Qxc3+ 13. Qxc3 Nxc3 14. Bd3 Na4 15. Be7 Rf7 16. Bd6 Nb2 17. Be2 Na4 18. 0-0 Nc6 19. Ng5 Nxe5 20. Bxe5 Rf5 21. Bd6 h6 22. Rxf5 exf5 23. Nh3 Nc3 24. Bf3 Ne4 25. Bxe4 fxe4 26. Rf1 b6 27. Rf8+ Kh7 28. Kf2 Bb7 29. Rxa8 Bxa8 30. Ke3 Kg6 31. Nf2 h5 32. h3 Kf5 33. g4+ hxg4 34. hxg4+ Ke6 35. Bb8 a6 36. Nxe4 d5 37. cxd5+ Bxd5 38. Kd4 Bc6 39. Bc7 b5 40. Nc5+ Ke7 41. Nxa6 g5 42. Nc5 Bf3 43. Ne4 Bxg4 44. Nxg5 Kd7 45. Bf4 Kc6 46. Nf7 Be2 47. Kc3 Kb6 48. Kb4 Bf1 49. Ne5 Be2 50. Be3+ Kc7 51. Kc5 Kb7 52. Bd2 Kc7 53. Ba5+ Kb7 54. Kb4 Bf1 55. Nd7 Kc6 56. Nc5 Kd5 57. Bb6 Be2 58. Ka5 Bf1 59. Na6 Kc6 60. Bc5 Kb7 61. Bb4 Kc6 62. Nc5 Be2 63. Ka6 Bf1 64. Ka7 Be2 65. Na6 Bf1 66. Ba5 Be2 67. Nb4+ Kc5 68. Kb7 Kc4 69. Na6 Kd5 70. Kc7 Kc4 71. Bb4 Bd3 72. Kd6 Be2 73. Nc7 Bf3 74. Ne6 Bg2 75. Nf8 Bf1 76. Nd7 Kd4 77. Bc5+ Kc3 78. Kc6 Kb3 79. Ne5 Be2 80. Bb4 Bf1 81. Kc5 Be2 82. Nc6 Bf1 83. Kd4 Be2 84. Na5+ Kc2 85. Nb7 Bf1 86. Nc5 Be2 87. Ne4 Bf1 88. Nc3 Kb3 89. Kc5 1-0

[Event "IECC CL2-2000.29"]
[Site "IECC email"]
[Date "2000.08.11"]
[Round "?"]
[White "Charnley, Bernard J"]
[Black "Burlant, Richard"]
[Result "1-0"]
[WhiteElo "1956"]
[BlackElo "2062"]
[PlyCount "43"]
[EventDate "2000.??.??"]
[EventType "tourn (corr)"]
[EventRounds "4"]
[SourceTitle "Corr 2008"]
[Source "ChessBase"]
[SourceDate "2008.06.24"]
[SourceVersion "1"]
[SourceVersionDate "2008.06.24"]
[SourceQuality "1"]

1. b4 e5 2. Bb2 f6 3. e4 Bxb4 4. Bc4 Nc6 5. a3 Bc5 6. Nc3 Nh6 7. Qh5+ Kf8 8. f4 Nd4 9. h3 Nxc2+ 10. Kd1 Nxa1 11. fxe5 d6 12. e6 c6 13. Nge2 a5 14. Rf1 Qe7 15. Nd5 cxd5 16. Rxf6+ Kg8 17. Bxd5 gxf6 18. Qxh6 Bxe6 19. Bxf6 Qxf6 20. Bxe6+ Qxe6 21. Qxe6+ Kg7 22. Qe7+ 1-0

[Event "IECC O email"]
[Site "IECC email"]
[Date "1998.12.05"]
[Round "?"]
[White "Groenendijk, Ronald"]
[Black "Charnley, Bernard J"]
[Result "1-0"]
[WhiteElo "1820"]
[BlackElo "1928"]
[PlyCount "93"]
[EventDate "1998.??.??"]
[EventType "tourn (corr)"]
[EventRounds "6"]
[SourceTitle "Corr 2008"]
[Source "ChessBase"]
[SourceDate "2008.06.24"]
[SourceVersion "1"]
[SourceVersionDate "2008.06.24"]
[SourceQuality "1"]

1. d4 Nf6 2. c4 g6 3. Nc3 Bg7 4. e4 d6 5. f3 0-0 6. Be3 Nc6 7. Qd2 a6 8. Nge2 Rb8 9. h4 h5 10. Bh6 e5 11. d5 Ne7 12. 0-0-0 Kh7 13. Bxg7 Kxg7 14. Ng3 Nh7 15. Be2 f5 16. f4 exf4 17. Qxf4 fxe4 18. Qd2 Nf5 19. Ngxe4 Nh6 20. Rdf1 Bf5 21. Ng3 Bg4 22. Rxf8 Qxf8 23. Rf1 Qe7 24. Qd4+ Kg8 25. Qf4 Qg7 26. Bxg4 Nxg4 27. Qe4 Nhf6 28. Qf4 Re8 29. Kb1 Re5 30. b3 Qe7 31. Qd2 Ne3 32. Rf4 Nfg4 33. Nge4 Qxh4 34. Qxe3 g5 35. Rxg4 hxg4 36. Kb2 Rf5 37. Qa7 Rf7 38. Qxb7 g3 39. Qxa6 Kg7 40. Qc8 Rf2+ 41. Nxf2 gxf2 42. Qxc7+ Kg8 43. Qc8+ Kg7 44. Qd7+ Kh8 45. Qe8+ Kg7 46. Qe7+ Kg8 47. Ne4 1-0

[Event "IECC Trio 536 email"]
[Site "IECC email"]
[Date "1998.05.09"]
[Round "?"]
[White "Rizzi, Davide"]
[Black "Charnley, Bernard J"]
[Result "0-1"]
[WhiteElo "1782"]
[BlackElo "1921"]
[PlyCount "63"]
[EventDate "1998.??.??"]
[EventType "tourn (corr)"]
[EventRounds "4"]
[SourceTitle "Corr 2008"]
[Source "ChessBase"]
[SourceDate "2008.06.24"]
[SourceVersion "1"]
[SourceVersionDate "2008.06.24"]
[SourceQuality "1"]

1. e4 g6 2. d4 Bg7 3. c3 d6 4. Nf3 Nf6 5. Bd3 0-0 6. 0-0 Nc6 7. Be3 Nd7 8. Nbd2 e5 9. d5 Ne7 10. Re1 h6 11. b4 f5 12. g3 Nf6 13. c4 c6 14. dxc6 bxc6 15. Qc1 Ng4 16. exf5 gxf5 17. Rb1 Nxe3 18. Rxe3 e4 19. Nxe4 fxe4 20. Bxe4 d5 21. cxd5 cxd5 22. Bc2 Bf5 23. Bxf5 Nxf5 24. Rd3 Rc8 25. Qd1 d4 26. Qb3+ Kh8 27. a4 Rc3 28. Rxc3 dxc3 29. Rd1 Nd4 30. Nxd4 Bxd4 31. Kf1 Rxf2+ 32. Kg1 0-1

[Event "IECC Trio 483 email"]
[Site "IECC email"]
[Date "1998.03.24"]
[Round "?"]
[White "Charnley, Bernard J"]
[Black "Gier, Lawrence J"]
[Result "1-0"]
[WhiteElo "1907"]
[BlackElo "1768"]
[PlyCount "43"]
[EventDate "1998.??.??"]
[EventType "tourn (corr)"]
[EventRounds "4"]
[SourceTitle "Corr 2008"]
[Source "ChessBase"]
[SourceDate "2008.06.24"]
[SourceVersion "1"]
[SourceVersionDate "2008.06.24"]
[SourceQuality "1"]

1. e4 c5 2. Nc3 Nc6 3. f4 e6 4. Nf3 d5 5. Bb5 Nf6 6. Ne5 Qc7 7. d3 Be7 8. 0-0 0-0 9. Bxc6 bxc6 10. Nf3 c4 11. f5 cxd3 12. cxd3 dxe4 13. Ng5 exf5 14. dxe4 Qb6+ 15. Kh1 Ng4 16. Qc2 Ba6 17. Rf3 Bxg5 18. Bxg5 fxe4 19. Nxe4 Ne5 20. Rb3 Qc7 21. Bf4 Rfe8 22. Rh3 1-0